| 000 | 00476nam a2200133 a 4500 | ||
|---|---|---|---|
| 008 | 120416s1979 ||||||||||||||||| || u | ||
| 050 | _aQA 135.5 Syl | ||
| 100 | _aSylvester, J. E. K | ||
| 245 | 1 | 0 | _aMainstream Mathematics, book 1 |
| 260 |
_aLondon _bNelson _c1979 |
||
| 300 | _a[viii], 150p. : ill. | ||
| 350 | _a0.00 | ||
| 995 |
_D0.00 _FCBU-MAIN LIBRARY (Kitwe) _H1 _I5.85 _M1 _UAVAILABLE _ZAnnex Low-Usage Collection |
||
| 999 |
_c49679 _d49679 |
||